| 000 | 00812cab a2200265 4500 | ||
|---|---|---|---|
| 001 | ABS55896 | ||
| 008 | 090401t1996 xxu||||| |||| 00| 0 eng d | ||
| 035 | _a(Sirsi) u19559 | ||
| 041 | _aeng | ||
| 100 | _aAnderson, R. | ||
| 245 | _aTransmission dynamics and epidemiology of BSE in British cattle | ||
| 260 | _c1996 | ||
| 350 | _a0 | ||
| 490 |
_aNature _v382(6594) 29 August 1996, 779-788(10) |
||
| 520 | _aAn overview of the BSE epidemic in Great Britain. Examines patterns in the incidence of infection and assesses various culling policies for eradication. Statistics. | ||
| 650 | _aBEEF INDUSTRY | ||
| 650 | _aBSE | ||
| 650 | _aCATTLE | ||
| 650 | _aSLAUGHTER SCHEMES | ||
| 690 | _aRURAL PRACTICE | ||
| 700 | _aDonnelly, C. | ||
| 700 | _aFerguson, N. | ||
| 942 | _n0 | ||
| 948 | _c04/03/1997 | ||
| 999 |
_c13069 _d13069 |
||